000 00338 a2200157 4500
001 59828
020 _a9783570300992
040 _cAnchieta - Pituba
100 _aSchröder, Raíner M.
240 1 0 _aAbby Lynn
_lpor
245 1 0 _aAbby Lynn
300 _a282
362 0 _a2002
650 4 _aLiteratura juvenil em alemão
942 _cBK
999 _c59828
_d59828